000 00359nam a22001457a 4500
005 20160216113346.0
008 160216b xxu||||| |||| 00| 0 eng d
040 _cPK-LaUMT
082 _aAMC 958.1044
_bKUL-R
100 _aKuldip nayar
245 _aReport on Afghanistan
_cKuldip nayar
260 _aBombay
_bAllied
_c1981
300 _a212 p.
942 _cBK
999 _c82863
_d82863